League of Legends S5 Worlds teams + extras - Statistics

General Stats
  • This quiz has been taken 188 times
  • The average score is 13 of 22
Answer Stats
Hint Answer % Correct
Europe #1 seed Fnatic
99%
North America #2 seed Team Solomid
96%
Korea #1 seed SK Telecom T1
95%
North America #3 seed Cloud 9
91%
North America #1 seed Counter Logic Gaming
85%
Did Faker Cry? Y/N No
70%
Europe #2 seed H2K
69%
China #2 seed Edward Gaming
68%
BRTT>Doublelift? Y/N Yes
68%
LMS #1 seed Flash Wolves
67%
Europe #3 seed Origen
65%
Korea #2 seed KOO Tigers
64%
Korea #3 seed KT Rolster
62%
LMS #2 seed AHQ Esports club
56%
Country finals took place in Germany
46%
Country groups took place in France
44%
China #1 seed LGD Gaming
44%
China #3 seed Invictus Gaming
42%
Country quarterfinals took place in United Kingdom
29%
Country semifinals took place in Belgium
22%
Wildcard Pain Gaming
21%
Wildcard Bangkok Titans
17%
No matching quizzes found
Score Distribution
Percent of People with Each Score
Percentile by Number Answered
Your Score History
You have not taken this quiz